00198 a2200109 4500001000700000020000600007040001100013100001200024240002400036245001900060362000900079172324 a  cMagnum aMálus10aJoao, o feijaolpor10aJoao, o feijao0 a1899